50 Largest U.S. Cities by Picture - Statistics

General Stats
  • This quiz has been taken 455 times
    130 since last reset
  • The average score is 31 of 50
Answer Stats
Picture Hint Answer % Correct
New York
98%
Chicago
90%
Houston
83%
San Francisco
83%
Las Vegas
82%
Los Angeles
82%
Philadelphia
82%
Seattle
82%
Washington
82%
San Antonio
79%
Oklahoma Oklahoma City
78%
Georgia Atlanta
77%
Phoenix
76%
Oregon Portland
74%
California Sacramento
71%
New Mexico Albuquerque
70%
Texas Fort Worth
70%
Miami
69%
Wisconsin Milwaukee
69%
North Carolina Raleigh
68%
Arizona Tucson
68%
Missouri Kansas City
67%
Colorado Colorado Springs
66%
Minnesota Minneapolis
66%
North Carolina Charlotte
65%
Nebraska Omaha
65%
Detroit
64%
Texas El Paso
64%
Denver
63%
Virginia Virginia Beach
61%
San Diego
60%
Florida Tampa
59%
Dallas
56%
Louisville
55%
Oklahoma Tulsa
55%
Arizona Mesa
54%
Boston
52%
Columbus
52%
Indianapolis
52%
Memphis
51%
California Fresno
50%
Nashville
49%
Jacksonville
40%
California Long Beach
40%
Texas Arlington
36%
California Oakland
35%
San Jose
35%
Austin
31%
Baltimore
28%
California Bakersfield
25%
No matching quizzes found
Score Distribution
Percent of People with Each Score
Percentile by Number Answered
Your Score History
You have not taken this quiz since the last reset